[Event "GER CupT Baden final"]
[Site "Horben"]
[Date "2018.07.22"]
[Round "5.3"]
[White "Ahner, Thomas"]
[Black "Bauer, Andreas"]
[Result "1/2-1/2"]
[WhiteElo "2121"]
[BlackElo "2199"]
[PlyCount "130"]
[EventDate "2018.07.21"]
[EventType "team-k.o."]
[EventRounds "5"]
[EventCountry "GER"]
[SourceTitle "CBM 186 Extra"]
[Source "ChessBase"]
[SourceDate "2018.08.24"]
[SourceVersion "1"]
[SourceVersionDate "2018.08.24"]
[SourceQuality "1"]
[WhiteTeam "Horben"]
[BlackTeam "Emmendingen"]
[WhiteTeamCountry "GER"]
[BlackTeamCountry "GER"]

1. e4 c5 2. Nf3 Nc6 3. d4 cxd4 4. Nxd4 Nf6 5. Nc3 e5 6. Ndb5 d6 7. Bg5 a6 8. Bxf6 gxf6 9. Na3 b5 10. Nd5 f5 11. c3 Bg7 12. exf5 Bxf5 13. Nc2 0-0 14. Nce3 Be6 15. Bd3 f5 16. 0-0 Ra7 17. f4 Ne7 18. Bc2 Nxd5 19. Nxd5 Kh8 20. Kh1 Qc8 21. Bb3 Qc5 22. Rf3 a5 23. a3 Re8 24. Rh3 h6 25. Qd2 e4 26. Rd1 Bxd5 27. Bxd5 e3 28. Qe2 Rae7 29. Rh5 b4 30. axb4 axb4 31. c4 Qc8 32. Bf3 Ra7 33. h3 Qe6 34. Bc6 Ree7 35. c5 d5 36. Bxd5 Qf6 37. Bc4 Rad7 38. Rxd7 Rxd7 39. Qxe3 Qg6 40. Qe6 Qxe6 41. Bxe6 Rc7 42. Rxf5 Bxb2 43. Rf8+ Kg7 44. Rb8 Rxc5 45. Rxb4 Bc3 46. Re4 Bd2 47. Bc4 Ra5 48. Kh2 Ra3 49. Bd5 Re3 50. Rxe3 Bxe3 51. Kg3 Kf6 52. Kg4 Bd2 53. Kf3 Bc1 54. Ke4 Bd2 55. Bc4 Bc1 56. Be2 Bd2 57. Bh5 Bc1 58. g4 Bd2 59. h4 Be1 60. g5+ Kg7 61. f5 Bxh4 62. f6+ Kf8 63. gxh6 Bxf6 64. h7 Kg7 65. h8R Kxh8 1/2-1/2

[Event "Oberliga Baden 1415"]
[Site "Baden"]
[Date "2014.12.07"]
[Round "4.5"]
[White "Trabert, Lukas"]
[Black "Bauer, Andreas"]
[Result "0-1"]
[WhiteElo "2169"]
[BlackElo "2188"]
[PlyCount "152"]
[EventDate "2014.09.21"]
[EventType "team-tourn"]
[EventRounds "9"]
[EventCountry "GER"]
[SourceTitle "EXT 2016"]
[Source "ChessBase"]
[SourceDate "2015.10.08"]
[SourceVersion "1"]
[SourceVersionDate "2015.10.08"]
[SourceQuality "1"]
[WhiteTeam "Freiburg Zaehringen"]
[BlackTeam "Emmendingen"]
[WhiteTeamCountry "GER"]
[BlackTeamCountry "GER"]

1. Nc3 c5 2. e3 Nf6 3. d4 d5 4. Nf3 e6 5. Be2 Nbd7 6. 0-0 Bd6 7. b3 0-0 8. Bb2 a6 9. a4 b6 10. h3 Bb7 11. Re1 Qe7 12. Qd2 e5 13. dxe5 Nxe5 14. Nxe5 Qxe5 15. f4 Qe6 16. Bf3 Rad8 17. Rad1 Bc7 18. Nb1 Ne4 19. Qd3 f5 20. Bxe4 fxe4 21. Qc3 Qe7 22. g3 h5 23. h4 Rf7 24. Qd2 Qe6 25. Qf2 Rfd7 26. Na3 Qg6 27. Kh2 Qc6 28. Qe2 Qg6 29. Qf2 Qf7 30. Rd2 Bc6 31. Red1 b5 32. axb5 axb5 33. Nb1 Bb6 34. Be5 Ba5 35. c3 Kh7 36. Ra2 Ra7 37. c4 dxc4 38. Rxd8 Bxd8 39. Rxa7 Qxa7 40. bxc4 bxc4 41. Qc2 Qf7 42. Nd2 Qd5 43. Nxc4 Qd3 44. Qc3 Qe2+ 45. Kg1 Qg4 46. Kh2 Bd7 47. Qe1 Qe6 48. Nd6 Qa2+ 49. Kg1 Ba5 50. Qf2 Qb1+ 51. Kh2 Bg4 52. Qb2 Qd3 53. Nf7 Qxe3 54. Ng5+ Kg6 55. Qa2 Qd2+ 56. Qxd2 Bxd2 57. Nxe4 Be3 58. Kg2 Kf7 59. Nd6+ Ke6 60. Nc4 Bd4 61. Bxd4 cxd4 62. Kf2 Kd5 63. Ne5 Bd1 64. Ke1 Ba4 65. Kd2 Ke4 66. Ke2 Bb5+ 67. Kd2 Ba4 68. Ke2 Be8 69. Kd2 Bb5 70. Nf7 Kf3 71. Nd6 Bd7 72. f5 Kxg3 73. f6 gxf6 74. Ne4+ Kxh4 75. Nxf6 Bf5 76. Ne8 Kg5 0-1

[Event "Oberliga Baden 1415"]
[Site "Baden"]
[Date "2014.11.09"]
[Round "3.6"]
[White "Babutzka, Jens Matthias"]
[Black "Bauer, Andreas"]
[Result "0-1"]
[WhiteElo "2256"]
[BlackElo "2188"]
[PlyCount "88"]
[EventDate "2014.09.21"]
[EventType "team-tourn"]
[EventRounds "9"]
[EventCountry "GER"]
[SourceTitle "EXT 2016"]
[Source "ChessBase"]
[SourceDate "2015.10.08"]
[SourceVersion "1"]
[SourceVersionDate "2015.10.08"]
[SourceQuality "1"]
[WhiteTeam "Walldorf"]
[BlackTeam "Emmendingen"]
[WhiteTeamCountry "GER"]
[BlackTeamCountry "GER"]

1. e4 c5 2. Nf3 Nc6 3. Bb5 Na5 4. 0-0 a6 5. Be2 b5 6. a4 b4 7. c3 Nf6 8. e5 Nd5 9. d4 e6 10. c4 Nb6 11. d5 d6 12. Re1 Be7 13. Bf4 Nbxc4 14. Bxc4 Nxc4 15. exd6 Bxd6 16. Bg5 f6 17. Bh4 e5 18. b3 Na5 19. Nxe5 0-0 20. Nc4 Nxc4 21. bxc4 Re8 22. Bg3 Bxg3 23. hxg3 Bf5 24. Nd2 Rxe1+ 25. Qxe1 Qf8 26. Nb3 Bc2 27. Qe6+ Kh8 28. Qe3 Re8 29. Qf3 Re4 30. Na5 Qe8 31. d6 Bxa4 32. Nb7 Bc6 33. d7 Qxd7 34. Nxc5 Qd4 35. Rd1 Re1+ 36. Rxe1 Qxc5 37. Qd3 h6 38. Rd1 a5 39. Qd8+ Kh7 40. Qc8 b3 41. Rb1 a4 42. Qe6 f5 43. Qc8 h5 44. Kh1 Bxg2+ 0-1

[Event "Verbandsliga Sued Baden 1314"]
[Site "Germany"]
[Date "2014.03.23"]
[Round "8.4"]
[White "Bauer, Andreas"]
[Black "Schuler, Klaus"]
[Result "1-0"]
[WhiteElo "2188"]
[BlackElo "2196"]
[PlyCount "97"]
[EventDate "2013.10.20"]
[EventType "team-tourn"]
[EventRounds "9"]
[EventCountry "GER"]
[SourceTitle "EXT 2015"]
[Source "ChessBase"]
[SourceDate "2014.11.20"]
[SourceVersion "1"]
[SourceVersionDate "2014.11.20"]
[SourceQuality "1"]
[WhiteTeam "Emmendingen"]
[BlackTeam "Lahr"]
[WhiteTeamCountry "GER"]
[BlackTeamCountry "GER"]

1. d4 d5 2. Bf4 Nf6 3. e3 Bf5 4. c4 e6 5. Nc3 c6 6. Qb3 Qb6 7. c5 Qxb3 8. axb3 Nfd7 9. b4 f6 10. Nf3 Be7 11. Be2 0-0 12. Kd2 Bg4 13. Ra4 b5 14. Ra3 a6 15. Bg3 Ra7 16. e4 Re8 17. Re1 Bh5 18. Bd3 Bf7 19. Rea1 g6 20. Bxb8 Nxb8 21. e5 f5 22. Rg1 g5 23. g4 f4 24. h4 gxh4 25. Ne2 Bg6 26. Nxf4 Kf7 27. Bxg6+ hxg6 28. Nh3 Kg7 29. Nfg5 Bxg5+ 30. Nxg5 Rae7 31. f4 Rf8 32. Rf1 Ree8 33. Rh3 Rh8 34. Rfh1 Nd7 35. Rxh4 Rxh4 36. Rxh4 Nf8 37. Rh1 Ra8 38. Ke3 a5 39. Ra1 a4 40. Kd2 Re8 41. b3 Ra8 42. bxa4 bxa4 43. Kc3 Ra7 44. Kb2 Ra8 45. Ka3 Rb8 46. Rb1 Nh7 47. Nxe6+ Kf7 48. f5 gxf5 49. gxf5 1-0

[Event "Mittelfranken-chTB1 1314"]
[Site "Mittelfranken"]
[Date "2014.02.16"]
[Round "6.5"]
[White "Bauer, Andreas"]
[Black "Adler, Herbert"]
[Result "1-0"]
[WhiteElo "2034"]
[BlackElo "1846"]
[PlyCount "59"]
[EventDate "2013.10.20"]
[EventType "team-tourn"]
[EventRounds "9"]
[EventCountry "GER"]
[SourceTitle "EXT 2020"]
[Source "ChessBase"]
[SourceDate "2019.10.17"]
[SourceVersion "1"]
[SourceVersionDate "2019.10.17"]
[SourceQuality "1"]
[WhiteTeam "Postbauer Heng"]
[BlackTeam "Buechenbach/Roth"]
[WhiteTeamCountry "GER"]
[BlackTeamCountry "GER"]

1. e4 e6 2. Nf3 d5 3. Nc3 Nf6 4. e5 Nfd7 5. d4 c5 6. dxc5 Nc6 7. Bf4 Bxc5 8. Bd3 a6 9. Qe2 Nd4 10. Nxd4 Bxd4 11. 0-0 Qc7 12. Rfe1 Nb6 13. Nd1 Bd7 14. c3 Bc5 15. b3 h6 16. a4 a5 17. Bd2 Be7 18. Nb2 Bc6 19. b4 0-0 20. b5 Bd7 21. Qh5 f5 22. Qg6 Rf7 23. c4 Nxc4 24. Nxc4 dxc4 25. Rac1 Bb4 26. Bxb4 axb4 27. Bxc4 Qb6 28. Red1 Bc8 29. Bb3 Rc7 30. Rd8# 1-0

[Event "Mittelfranken-chTB1 1314"]
[Site "Mittelfranken"]
[Date "2013.12.01"]
[Round "3.4"]
[White "Arlt, Michael"]
[Black "Bauer, Andreas"]
[Result "1/2-1/2"]
[WhiteElo "1859"]
[BlackElo "2034"]
[PlyCount "53"]
[EventDate "2013.10.20"]
[EventType "team-tourn"]
[EventRounds "9"]
[EventCountry "GER"]
[SourceTitle "EXT 2020"]
[Source "ChessBase"]
[SourceDate "2019.10.17"]
[SourceVersion "1"]
[SourceVersionDate "2019.10.17"]
[SourceQuality "1"]
[WhiteTeam "Schwanstetten"]
[BlackTeam "Postbauer Heng"]
[WhiteTeamCountry "GER"]
[BlackTeamCountry "GER"]

1. c4 e5 2. g3 c5 3. Bg2 Nc6 4. Nc3 g6 5. e3 Bg7 6. Nge2 Nge7 7. d4 cxd4 8. exd4 exd4 9. Nb5 0-0 10. Nbxd4 Nxd4 11. Nxd4 Qa5+ 12. Bd2 Qc5 13. Ne2 Qxc4 14. 0-0 Bxb2 15. Rb1 Bg7 16. Bb4 Re8 17. Nf4 Nc6 18. Bd6 Qd4 19. Nd5 Qxd1 20. Rfxd1 Re2 21. Nc7 Rb8 22. Re1 Rxe1+ 23. Rxe1 h5 24. Bd5 b6 25. Nb5 Ra8 26. Nc7 Rb8 27. Nb5 1/2-1/2

[Event "Mittelfranken-chTB1 1213"]
[Site "Germany"]
[Date "2013.03.10"]
[Round "8.1"]
[White "Stierhof, Michael"]
[Black "Bauer, Andreas"]
[Result "1/2-1/2"]
[WhiteElo "2140"]
[BlackElo "2088"]
[PlyCount "28"]
[EventDate "2012.10.07"]
[EventType "team-tourn"]
[EventRounds "9"]
[EventCountry "GER"]
[SourceTitle "EXT 2019"]
[Source "ChessBase"]
[SourceDate "2018.10.10"]
[SourceVersion "1"]
[SourceVersionDate "2018.10.10"]
[SourceQuality "1"]
[WhiteTeam "Nuernberg SK 1911"]
[BlackTeam "Postbauer Heng"]
[WhiteTeamCountry "GER"]
[BlackTeamCountry "GER"]

1. Nf3 d5 2. c4 d4 3. g3 c5 4. b4 cxb4 5. a3 bxa3 6. Bxa3 Nc6 7. d3 e5 8. Bxf8 Kxf8 9. Bg2 Nf6 10. 0-0 g6 11. Nbd2 Kg7 12. Qa4 Re8 13. Ng5 h6 14. Nge4 Nd7 1/2-1/2

[Event "Mittelfranken-chTB1 1213"]
[Site "Germany"]
[Date "2013.02.11"]
[Round "7.1"]
[White "Bauer, Andreas"]
[Black "Hepting, Heinrich"]
[Result "0-1"]
[WhiteElo "2088"]
[BlackElo "2140"]
[PlyCount "126"]
[EventDate "2012.10.07"]
[EventType "team-tourn"]
[EventRounds "9"]
[EventCountry "GER"]
[SourceTitle "EXT 2019"]
[Source "ChessBase"]
[SourceDate "2018.10.10"]
[SourceVersion "1"]
[SourceVersionDate "2018.10.10"]
[SourceQuality "1"]
[WhiteTeam "Postbauer Heng"]
[BlackTeam "Fuerth SZ"]
[WhiteTeamCountry "GER"]
[BlackTeamCountry "GER"]

1. e4 e5 2. Nf3 Nc6 3. Bb5 Qe7 4. 0-0 Nd8 5. d4 c6 6. Bc4 d6 7. dxe5 dxe5 8. Bg5 Nf6 9. Nc3 h6 10. Bh4 g5 11. Bg3 Nd7 12. Qd2 Bg7 13. Rad1 Ne6 14. Bxe6 Qxe6 15. Qd6 Qxd6 16. Rxd6 Bf8 17. Rd2 f6 18. Rfd1 Be7 19. h4 Nb6 20. b3 Bg4 21. a4 Bxf3 22. gxf3 Rd8 23. Rxd8+ Bxd8 24. hxg5 hxg5 25. a5 Nd7 26. a6 bxa6 27. Ra1 Nb8 28. Nd1 Ke7 29. Ne3 Ke6 30. Kg2 Bb6 31. Nc4 Bc7 32. Rd1 a5 33. Ra1 Rh7 34. Nxa5 Bxa5 35. Rxa5 Kd6 36. Bh2 c5 37. f4 exf4 38. f3 Nc6 39. Ra6 Rb7 40. Bg1 Rb6 41. Ra1 Nd4 42. Bxd4 cxd4 43. Rxa7 Rc6 44. Ra2 g4 45. fxg4 Ke5 46. Kf3 Rc3+ 47. Kf2 Kxe4 48. b4 Rf3+ 49. Ke2 Rh3 50. b5 Rh2+ 51. Kf1 f3 52. b6 Rh1+ 53. Kf2 Rb1 54. Ra3 Rxb6 55. Rxf3 Rc6 56. Rf5 Rxc2+ 57. Ke1 Ke3 58. Kd1 Rf2 59. Rh5 Rf1+ 60. Kc2 d3+ 61. Kc3 Rc1+ 62. Kb2 d2 63. Rh3+ Kf4 0-1

[Event "Mittelfranken-chTB1 1213"]
[Site "Germany"]
[Date "2013.01.27"]
[Round "1.1"]
[White "Redzepovic, Irfan"]
[Black "Bauer, Andreas"]
[Result "1-0"]
[WhiteElo "2094"]
[BlackElo "2088"]
[PlyCount "151"]
[EventDate "2012.10.07"]
[EventType "team-tourn"]
[EventRounds "9"]
[EventCountry "GER"]
[SourceTitle "EXT 2019"]
[Source "ChessBase"]
[SourceDate "2018.10.10"]
[SourceVersion "1"]
[SourceVersionDate "2018.10.10"]
[SourceQuality "1"]
[WhiteTeam "Nuernberg Sued SW II"]
[BlackTeam "Postbauer Heng"]
[WhiteTeamCountry "GER"]
[BlackTeamCountry "GER"]

1. Nf3 c5 2. c3 Nf6 3. d4 cxd4 4. cxd4 d5 5. Nc3 e6 6. Bf4 Bd6 7. Bg3 0-0 8. e3 b6 9. Qa4 a5 10. Bd3 Ba6 11. Nb5 Bxg3 12. hxg3 h6 13. Ne5 Nfd7 14. Nf3 Nc6 15. Rc1 Nb4 16. Bb1 Rc8 17. 0-0 Rxc1 18. Rxc1 Qb8 19. a3 Rc8 20. Rc3 Nc6 21. e4 dxe4 22. Bxe4 Ne7 23. Rxc8+ Qxc8 24. Nc3 Nf6 25. Ne5 Ned5 26. Bxd5 exd5 27. Qb3 Qd8 28. Na4 b5 29. Nc5 Qb6 30. Nxa6 Qxa6 31. Qc3 g6 32. Qc7 Qe6 33. Qb8+ Kg7 34. Qxb5 Ng4 35. Nxg4 Qxg4 36. Qxd5 Qd1+ 37. Kh2 a4 38. f3 Qc2 39. Qe5+ Kg8 40. Qb5 h5 41. d5 Qf5 42. Qe8+ Kg7 43. Qe4 Qd7 44. Qd4+ f6 45. d6 Kf7 46. Qd5+ Kg7 47. Qc5 Kf7 48. Qc4+ Kf8 49. Qc7 Ke8 50. Qb8+ Qd8 51. d7+ Kxd7 52. Qb5+ Ke7 53. Qxa4 g5 54. Qe4+ Kf8 55. Qh7 Qd4 56. Qxh5 Qxb2 57. a4 Kg7 58. Qg4 Qe5 59. Qd7+ Kg6 60. Qb5 Qe1 61. Qd5 f5 62. a5 Kf6 63. Qd6+ Kg7 64. Qd8 Kg6 65. Qg8+ Kh6 66. Qh8+ Kg6 67. a6 Qf2 68. Qa8 f4 69. Qe4+ Kf7 70. gxf4 Qh4+ 71. Kg1 gxf4 72. a7 Qg5 73. Qb7+ Kg6 74. Qb6+ Kh5 75. a8Q Qe5 76. Qaa5 1-0

[Event "Verbandsliga Sued Baden 1213"]
[Site "Baden"]
[Date "2013.01.27"]
[Round "5.4"]
[White "Scherer, Helmut"]
[Black "Bauer, Andreas"]
[Result "0-1"]
[WhiteElo "2293"]
[BlackElo "2188"]
[PlyCount "110"]
[EventDate "2012.10.21"]
[EventType "team-tourn"]
[EventRounds "9"]
[EventCountry "GER"]
[SourceTitle "EXT 2014"]
[Source "ChessBase"]
[SourceDate "2013.11.20"]
[SourceVersion "1"]
[SourceVersionDate "2013.11.20"]
[SourceQuality "1"]
[WhiteTeam "Zaehringen"]
[BlackTeam "Emmendingen"]
[WhiteTeamCountry "GER"]
[BlackTeamCountry "GER"]

1. e4 c5 2. Nf3 Nc6 3. Bb5 Na5 4. Be2 b6 5. c4 Bb7 6. Nc3 e6 7. 0-0 Rc8 8. Re1 d6 9. b3 Nf6 10. Bf1 Be7 11. Bb2 0-0 12. d4 cxd4 13. Nxd4 Qc7 14. Re3 Rfd8 15. Rc1 Qb8 16. Rg3 Bf8 17. Qf3 Ne8 18. Bd3 Nc6 19. Nxc6 Bxc6 20. Ne2 b5 21. Nd4 bxc4 22. Nxc6 Rxc6 23. Bxc4 Rdc8 24. Qd1 Rxc4 25. Rxc4 Rxc4 26. bxc4 Qxb2 27. Rb3 Qxa2 28. Rb8 Nf6 29. f3 Qa3 30. Qd4 Qc5 31. Qxc5 dxc5 32. Ra8 g5 33. Rxa7 Bd6 34. Kf2 Be5 35. g3 Bd4+ 36. Ke2 g4 37. Ra2 Kg7 38. Rc2 Kg6 39. Rc1 gxf3+ 40. Kxf3 Nd7 41. Rc2 Ne5+ 42. Ke2 Kf6 43. h3 Kg5 44. Kf1 h5 45. Rc1 h4 46. Kg2 f6 47. Rc2 Ng6 48. Ra2 hxg3 49. Kxg3 Be5+ 50. Kf3 Kh4 51. Ra6 Kxh3 52. Rxe6 Nh4+ 53. Ke3 Kg3 54. Re8 Bd4+ 55. Kd3 Kf4 0-1

[Event "Staufer op 25th"]
[Site "Schwaebisch Gmuend"]
[Date "2013.01.06"]
[Round "9"]
[White "Bauer, Andreas"]
[Black "Jurek, Josef"]
[Result "0-1"]
[WhiteElo "2146"]
[BlackElo "2325"]
[PlyCount "96"]
[EventDate "2013.01.02"]
[EventType "swiss"]
[EventRounds "9"]
[EventCountry "GER"]
[SourceTitle "CBM 152 Extra"]
[Source "ChessBase"]
[SourceDate "2013.02.25"]
[SourceVersion "1"]
[SourceVersionDate "2013.02.25"]
[SourceQuality "1"]

1. e4 e6 2. d4 d5 3. Nd2 c5 4. exd5 Qxd5 5. Ngf3 cxd4 6. Bc4 Qd6 7. 0-0 Nf6 8. Nb3 Nc6 9. Nbxd4 Nxd4 10. Qxd4 Qxd4 11. Nxd4 Bc5 12. Nb3 Bb6 13. Be2 Bd7 14. Bf3 Rc8 15. c3 Bc6 16. Bxc6+ Rxc6 17. Bf4 0-0 18. Rad1 Re8 19. Be5 Ng4 20. Bd4 e5 21. Rfe1 Kf8 22. Bxb6 Rxb6 23. f3 Nh6 24. Rd5 f6 25. Re2 Nf7 26. Red2 Rc8 27. Nc5 Ke8 28. g4 Rd8 29. Rxd8+ Nxd8 30. b3 Rc6 31. Ne4 Ke7 32. Kf2 Ne6 33. Rd5 g6 34. c4 b6 35. Ke3 h6 36. Nc3 Nf4 37. Rd2 h5 38. gxh5 Nxh5 39. Nd5+ Ke6 40. Rg2 g5 41. a4 Ng7 42. Kd3 Nf5 43. b4 Rc8 44. Rf2 Rd8 45. Kc3 Rd7 46. a5 b5 47. Rd2 bxc4 48. b5 Rxd5 0-1

[Event "Staufer op 25th"]
[Site "Schwaebisch Gmuend"]
[Date "2013.01.04"]
[Round "6"]
[White "Reschke, Stefan"]
[Black "Bauer, Andreas"]
[Result "1/2-1/2"]
[WhiteElo "2365"]
[BlackElo "2146"]
[PlyCount "37"]
[EventDate "2013.01.02"]
[EventType "swiss"]
[EventRounds "9"]
[EventCountry "GER"]
[SourceTitle "CBM 152 Extra"]
[Source "ChessBase"]
[SourceDate "2013.02.25"]
[SourceVersion "1"]
[SourceVersionDate "2013.02.25"]
[SourceQuality "1"]

1. Nf3 c5 2. b3 d6 3. d4 cxd4 4. Nxd4 Nf6 5. Bb2 b6 6. e3 Bb7 7. Bb5+ Nbd7 8. 0-0 a6 9. Be2 e6 10. c4 Be7 11. Nc3 0-0 12. Bf3 Qc7 13. Rc1 Bxf3 14. Qxf3 Rfc8 15. Rfd1 Rab8 16. Ba3 Qb7 17. Qg3 Nc5 18. Qh3 Bf8 19. Bb2 1/2-1/2

[Event "Mittelfranken-chTB1 1213"]
[Site "Germany"]
[Date "2012.12.02"]
[Round "4.1"]
[White "Bauer, Andreas"]
[Black "Martin, Thomas"]
[Result "0-1"]
[WhiteElo "2088"]
[BlackElo "2205"]
[PlyCount "124"]
[EventDate "2012.10.07"]
[EventType "team-tourn"]
[EventRounds "9"]
[EventCountry "GER"]
[SourceTitle "EXT 2019"]
[Source "ChessBase"]
[SourceDate "2018.10.10"]
[SourceVersion "1"]
[SourceVersionDate "2018.10.10"]
[SourceQuality "1"]
[WhiteTeam "Postbauer Heng"]
[BlackTeam "Nuernberg NT III"]
[WhiteTeamCountry "GER"]
[BlackTeamCountry "GER"]

1. e4 Nf6 2. e5 Nd5 3. c4 Nb6 4. c5 Nd5 5. Bc4 e6 6. d4 b6 7. cxb6 axb6 8. Nf3 Be7 9. Nc3 Nxc3 10. bxc3 0-0 11. 0-0 Ba6 12. Qe2 Bxc4 13. Qxc4 d5 14. exd6 Bxd6 15. Bg5 Qd7 16. a4 Nc6 17. Rfd1 Ra5 18. g3 Rfa8 19. d5 Rxd5 20. Rxd5 exd5 21. Qxd5 Ra5 22. Qd1 Qf5 23. Be3 h6 24. Nd4 Nxd4 25. cxd4 Qh3 26. Qf3 Qd7 27. Qd1 Be7 28. h4 Bf6 29. Rc1 Bd8 30. Rc4 Rd5 31. Qf3 Qe6 32. Rc1 Ra5 33. Qd1 Qe4 34. Kh2 Rd5 35. Qc2 Qxc2 36. Rxc2 f5 37. Kg2 Kf7 38. Kf3 Ke6 39. Ke2 Ra5 40. Rc4 Kd5 41. Kd3 g5 42. hxg5 hxg5 43. f3 c6 44. Bd2 Ra7 45. a5 g4 46. fxg4 fxg4 47. Bb4 Rf7 48. Ke3 Rf3+ 49. Ke2 bxa5 50. Be1 Bb6 51. Bxa5 Bxa5 52. Rc5+ Kxd4 53. Rxa5 c5 54. Ra8 Rxg3 55. Kf2 Rf3+ 56. Kg2 c4 57. Rg8 Rf4 58. Kg3 Re4 59. Rd8+ Kc3 60. Rg8 Kc2 61. Rxg4 Rxg4+ 62. Kxg4 Kd2 0-1

[Event "Mittelfranken-chTB1 1213"]
[Site "Germany"]
[Date "2012.11.18"]
[Round "3.1"]
[White "Manthey, Frank"]
[Black "Bauer, Andreas"]
[Result "1-0"]
[WhiteElo "2067"]
[BlackElo "2088"]
[PlyCount "49"]
[EventDate "2012.10.07"]
[EventType "team-tourn"]
[EventRounds "9"]
[EventCountry "GER"]
[SourceTitle "EXT 2019"]
[Source "ChessBase"]
[SourceDate "2018.10.10"]
[SourceVersion "1"]
[SourceVersionDate "2018.10.10"]
[SourceQuality "1"]
[WhiteTeam "Schwanstetten"]
[BlackTeam "Postbauer Heng"]
[WhiteTeamCountry "GER"]
[BlackTeamCountry "GER"]

1. e4 c5 2. c3 d6 3. d4 Nf6 4. Bd3 Qc7 5. h3 g6 6. Be3 Bg7 7. Nf3 b6 8. Qe2 0-0 9. 0-0 Bb7 10. Nbd2 Nbd7 11. Nh2 e5 12. d5 Nh5 13. g3 a5 14. Ng4 Ndf6 15. Kh2 Bc8 16. f4 exf4 17. Nxf6+ Bxf6 18. gxf4 Bh4 19. Rg1 Kh8 20. Raf1 f5 21. Nf3 fxe4 22. Bxe4 Nxf4 23. Bxf4 Rxf4 24. Bxg6 hxg6 25. Qe8+ 1-0

[Event "Mittelfranken-chTB1 1213"]
[Site "Germany"]
[Date "2012.10.07"]
[Round "6.1"]
[White "Hofer, Markus"]
[Black "Bauer, Andreas"]
[Result "1/2-1/2"]
[WhiteElo "2135"]
[BlackElo "2088"]
[PlyCount "44"]
[EventDate "2012.10.07"]
[EventType "team-tourn"]
[EventRounds "9"]
[EventCountry "GER"]
[SourceTitle "EXT 2019"]
[Source "ChessBase"]
[SourceDate "2018.10.10"]
[SourceVersion "1"]
[SourceVersionDate "2018.10.10"]
[SourceQuality "1"]
[WhiteTeam "Buechenbach/Roth"]
[BlackTeam "Postbauer Heng"]
[WhiteTeamCountry "GER"]
[BlackTeamCountry "GER"]

1. d4 d5 2. c4 Nc6 3. Nf3 Bg4 4. Nc3 e6 5. cxd5 exd5 6. Bf4 Bxf3 7. gxf3 Bd6 8. Qd2 Nge7 9. h4 Bxf4 10. Qxf4 Qd6 11. Qxd6 cxd6 12. e3 f5 13. f4 Kd7 14. Rg1 g6 15. Kd2 Ke6 16. b4 Nxb4 17. Rb1 Nbc6 18. Rxb7 Rab8 19. Ba6 Na5 20. Rxb8 Rxb8 21. Rb1 Rxb1 22. Nxb1 Kd7 1/2-1/2

[Event "Baden-ch"]
[Site "Emmendingen"]
[Date "2012.06.10"]
[Round "9"]
[White "Bauer, Andreas"]
[Black "Schneider, Michael"]
[Result "1-0"]
[WhiteElo "2152"]
[BlackElo "2138"]
[PlyCount "101"]
[EventDate "2012.06.04"]
[EventType "swiss"]
[EventRounds "9"]
[EventCountry "GER"]
[SourceTitle "CBM 148 Extra"]
[Source "ChessBase"]
[SourceDate "2012.06.22"]
[SourceVersion "1"]
[SourceVersionDate "2012.06.22"]
[SourceQuality "1"]

1. e4 c5 2. Nc3 Nc6 3. Bb5 g6 4. Bxc6 dxc6 5. f4 Bg7 6. Nf3 Nf6 7. d3 0-0 8. 0-0 b6 9. Qe1 Ne8 10. Rb1 Nc7 11. Qh4 Ne6 12. f5 Nd4 13. Nxd4 Qxd4+ 14. Kh1 Bf6 15. Bg5 Bxg5 16. Qxg5 Qe5 17. Qh4 Bd7 18. Rf3 Rae8 19. Rbf1 Qg7 20. Nd1 Kh8 21. Ne3 gxf5 22. exf5 Rg8 23. Rh3 f6 24. Rg3 Qf7 25. Ng4 Rg7 26. b3 Qd5 27. Nh6 Qd4 28. Qh5 Rxg3 29. hxg3 Rf8 30. Rf4 Qa1+ 31. Kh2 Be8 32. Qe2 Qe5 33. Re4 Qd6 34. Rxe7 Bh5 35. Qe6 Qxe6 36. fxe6 Re8 37. Rxe8+ Bxe8 38. Nf5 Kg8 39. g4 Bg6 40. Kg3 Kf8 41. Kf4 Ke8 42. g5 fxg5+ 43. Kxg5 b5 44. c4 a5 45. a4 bxa4 46. bxa4 Kf8 47. Kf6 Ke8 48. g4 Kd8 49. Ng7 Kc7 50. e7 Kd7 51. g5 1-0

[Event "Baden-ch"]
[Site "Emmendingen"]
[Date "2012.06.09"]
[Round "7"]
[White "Bauer, Andreas"]
[Black "Schlenker, Joerg"]
[Result "0-1"]
[WhiteElo "2152"]
[BlackElo "2213"]
[PlyCount "102"]
[EventDate "2012.06.04"]
[EventType "swiss"]
[EventRounds "9"]
[EventCountry "GER"]
[SourceTitle "CBM 148 Extra"]
[Source "ChessBase"]
[SourceDate "2012.06.22"]
[SourceVersion "1"]
[SourceVersionDate "2012.06.22"]
[SourceQuality "1"]

1. e4 e6 2. d4 d5 3. e5 Nc6 4. Nf3 b6 5. c3 Bb7 6. Bd3 Qd7 7. 0-0 Nge7 8. Re1 h6 9. Nbd2 Nd8 10. Nf1 c5 11. Ng3 g6 12. h4 Ndc6 13. h5 Nf5 14. hxg6 Nxg3 15. gxf7+ Qxf7 16. fxg3 0-0-0 17. Rf1 Qh5 18. Be2 Qg6 19. Bf4 Kb8 20. Qd3 Qg7 21. a3 Be7 22. b4 c4 23. Qe3 Rdg8 24. Rf2 Bg5 25. Nh2 Ne7 26. Bg4 Bc8 27. Bh3 Rh7 28. Qf3 Rf8 29. Qe2 Nf5 30. Bxf5 Rxf5 31. Raf1 Rh8 32. g4 Rxf4 33. Rxf4 Bxf4 34. Rxf4 Qg6 35. Qf3 Qc2 36. Rf7 Qc1+ 37. Nf1 Re8 38. Rh7 Rd8 39. Qe3 Qxa3 40. Rxh6 a5 41. bxa5 bxa5 42. g5 Rg8 43. Rh7 a4 44. Qf2 Rf8 45. Rf7 Rxf7 46. Qxf7 Qxc3 47. g6 a3 48. g7 Qxd4+ 49. Kh1 a2 50. g8Q a1Q 51. Qd8 Qc5 0-1

[Event "Baden-ch"]
[Site "Emmendingen"]
[Date "2012.06.08"]
[Round "5"]
[White "Bauer, Andreas"]
[Black "Gorse, Gerard"]
[Result "1-0"]
[WhiteElo "2152"]
[BlackElo "2104"]
[PlyCount "87"]
[EventDate "2012.06.04"]
[EventType "swiss"]
[EventRounds "9"]
[EventCountry "GER"]
[SourceTitle "CBM 148 Extra"]
[Source "ChessBase"]
[SourceDate "2012.06.22"]
[SourceVersion "1"]
[SourceVersionDate "2012.06.22"]
[SourceQuality "1"]

1. e4 c6 2. d4 d5 3. Nc3 dxe4 4. Nxe4 Bf5 5. Ng3 Bg6 6. h4 h6 7. N1e2 e6 8. Nf4 Bh7 9. Bc4 Nf6 10. Nfh5 Nbd7 11. c3 Nxh5 12. Nxh5 Nf6 13. Bf4 Nxh5 14. Qxh5 Qf6 15. Be5 Qf5 16. Qxf5 Bxf5 17. 0-0-0 0-0-0 18. h5 Rg8 19. Bb3 Bd6 20. Rde1 Bxe5 21. Rxe5 Rd6 22. Rh4 g5 23. hxg6 Rxg6 24. g3 Kd7 25. Re1 Rf6 26. Rf4 Rg6 27. Rh1 Ke7 28. Rfh4 Kf6 29. Rxh6 Rxh6 30. Rxh6+ Kg7 31. Rh4 Rd8 32. Kd2 Kf6 33. Ke3 Ke7 34. Bd1 Bb1 35. a3 Rd5 36. Rh5 Rd8 37. Bf3 Ba2 38. Kf4 Bd5 39. Be2 b5 40. g4 a5 41. g5 a4 42. Rh7 Rg8 43. Bh5 Rf8 44. Ke5 1-0